00719nam a2200229 a 450000100060000000300080000600500170001400800410003103500190007204000250009104100080011608200270012410000390015124500530019025000130024326000440025630000170030050400410031750500660035865000220042465100430044643186BD-RjUL20211209053647.0160619r19591966enk b 001 0 eng d a(BD-RjUL)43304 a2509bengc2509dANL aeng04a330.942 221bLIE 19661 aLipson, E.q(Ephraim),d1888-1960.14aThe economic history of England /cby E. Lipson. a12th ed. aLondon :bBlack,c1959 [reprinted 1966] aV. ;c24 cm. aIncludes bibliographical references.0 av. 2. The age of mercantilism - v.3. The age of mercantilism. 0aEconomic history. 0aEnglandxEconomic conditionsxHistory.